Kỹ thuật nuôi tôm sú thâm canh

Сохранить в:
Библиографические подробности
Главный автор: Phạm Văn Tình
Формат:
Язык:Undetermined
Опубликовано: H. Nông Nghiệp 2003
Предметы:
Метки: Добавить метку
Нет меток, Требуется 1-ая метка записи!
Thư viện lưu trữ: Trung tâm Học liệu Trường Đại học Cần Thơ
LEADER 00488nam a2200181Ia 4500
001 CTU_57078
008 210402s9999 xx 000 0 und d
020 |b 12000 
082 |a 639.58 
082 |b T312 
100 |a Phạm Văn Tình 
245 0 |a Kỹ thuật nuôi tôm sú thâm canh 
245 0 |c Phạm Văn Tình 
260 |a H. 
260 |b Nông Nghiệp 
260 |c 2003 
650 |a shrimp culture 
980 |a Trung tâm Học liệu Trường Đại học Cần Thơ